000 00555nam a2200241 a 4500
001 nice12345678
003 IN_TiNIC
005 20260116011337.0
008 050524s1930 luna grp 000 0 ger
020 _a
_c100
082 0 0 _a297.124
_bMOB
100 _aMoberg, A
245 _aUber Engle Christiche Legenden in Der
260 _aLund
_bHaken Ohlssons
_c1930
300 _a38p
500 _aincludes index and biblioraphy
505 2 _aIndex
650 _aHadith
700 1 _aMoberg, A
902 _bSRS
942 _cBK
999 _c691
_d691